• 首页
  • 本馆介绍
  • 公告通知
  • 最新文献
  • 馆藏检索
  • 电子资源
  • 读者导购
  • 参考咨询
  • 我的图书馆
  • 登录
  • 详细信息显示
  • 放入我的书架
  • 预约/预借图书
  • 作者相关作品
  • 分类相关作品
  • 丛书相关作品
  • 出版社相关作品

书目信息

  • 表格格式
  • 工作单格式
  • 卡片格式
题名:
婴儿营养原理与实践
    
 
作者: 曾振锚 原著 ;李延玉 主译
分册:  
出版信息: 北京   人民卫生出版社  2009
页数: 10,428页
开本: 26cm
丛书名:
单 册:
中图分类: R153.2
科图分类:
主题词: 婴幼儿--营养卫生 , 婴幼儿 , 营养卫生
电子资源:
ISBN: 978-7-117-12360-0
000 01147nam0 2200289 45
001 1354548936
005 20130510094415.37
010    @a978-7-117-12360-0@dCNY78.00
100    @a20130108d2009 em y0chiy0110 ea
101 0  @achi
102    @aCN@b110000
105    @aa z 000yy
106    @ar
200 1  @a婴儿营养原理与实践@AYing Er Ying Yang Yuan Li Yu Shi Jian@dNutrition during infancy:principles and practice@f(美) Reginald C.Tsang[等]原著@F( Mei ) Reginald C.Tsang[ Deng ] Yuan Zhu@g李延玉主译@zeng
210    @a北京@c人民卫生出版社@d2009
215    @a10,428页@c图@d26cm
305    @a据原书第2版译
330    @a本书分为十九章,内容包括临床方法在营养评价中的应用、生长迟缓的防治、慢性疾病的营养治疗、能量的需要、蛋白质的需要、碳水化合物不耐受、膳食脂类、婴儿期胃肠疾病的营养概况等。
510 1  @aNutrition during infancy:principles and practice@zeng
606 0  @a婴幼儿@x营养卫生
606 0  @a婴幼儿
606 0  @a营养卫生
690    @aR153.2@v5
701  1 @a曾振锚@AZeng Zhen Mao@g(Tsang, Reginald C.)@4原著
702  0 @a李延玉@ALi Yan Yu@4主译
801    @aCN@bTANGWEI@c20130109
905    @b0830812-14@dR153.2@e104@f3
    
    婴儿营养原理与实践=Nutrition during infancy:principles and practice/(美) Reginald C.Tsang[等]原著/李延玉主译.-北京:人民卫生出版社,2009
    10,428页:图;26cm
    
    
    ISBN 978-7-117-12360-0:CNY78.00
    本书分为十九章,内容包括临床方法在营养评价中的应用、生长迟缓的防治、慢性疾病的营养治疗、能量的需要、蛋白质的需要、碳水化合物不耐受、膳食脂类、婴儿期胃肠疾病的营养概况等。
●
相关链接 在E读中查询图书 在五车中查询图书 在当当中查询图书 在豆瓣中查询图书


正题名:婴儿营养原理与实践     索取号:R153.2/104         预约/预借

序号 登录号 条形码 馆藏地/架位号 状态 备注
1 0830812   208308124   第二样本阅览室/ [索取号:R153.2/104] 在馆    
2 0830813   208308133   第三借阅区/ [索取号:R153.2/104] 在馆    
3 0830814   208308142   第三借阅区/ [索取号:R153.2/104] 在馆    
唐山师范学院图书馆 欢迎您!
大连网信软件有限公司© 版权所有